1577 1879 1540 1542 1083 1516 1415 1205 1887 1697 1243 1270 1553 1443 1332 1083 1339 1654 1789 1961 1007 1342 1371 1698 1642 1068 1264 1580 1967 1615 1223 1208 1662 1443 1057 1321 1880 1488 1210 1508 1580 1737 1915 1662 1340 1180 1976 1126 1249 1087 1973 1372 1072 1102 1045 1134 1187 1470 1187 1984 1408 1090 1551 1021 1787 1108 1517 1611 1341 1872 1324 1011 1877 1614 1613 1592 1760 1406 1900 1111 1536 1445 1701 1643 1769 1428 1521 1605 1922 1462 1815 1556 1737 1886 1390 1323 1217 1980 1824 BCNSPRNW ULIB Ver.6.0+V

เปลี่ยนเป็นภาษาไทย

Change to English
 แสดงรายละเอียดบรรณานุกรม
  กลับหน้าหลัก

Brief Record : Get Marc (ISO 2709) : E-mail record : QR code < ปิดหน้าต่าง
LEADER : 00000nam 2200000uu 4500
001    13399127156
003     ULIB
008    191018s2562||||th 000 0 tha d
020 ^- ^a9786164577534
050 ^- ^aนว.^bจ756ร
100 0^ ^aเจ้าหญิงละเมอ.
245 10 ^aรักนะครับคุณชายซกมก /^cเจ้าหญิงละเมอ.
250 ^- ^aพิมพ์ครั้งที่ 1.
260 ^- ^aกรุงเทพฯ :^bมีดี,^c2562
300 ^- ^a375 หน้า.
945    ^p300^l0^i006343
999    ^aประนอม เกษจรัล
รายการนี้ยังไม่มีแท็ก
คุณยังไม่ได้ล็อกอิน คุณสามารถมีกิจกรรมร่วมกับเว็บไซต์ได้ แต่ต้องล็อกอินก่อน ::
  ล็อกอิน

รายการสื่อสารสนเทศ

ลำดับที่ ประเภท เลขเรียก/บาร์โค้ด สถานที่ สถานะ
1. นวนิยาย
นวนิยาย
นว. จ756ร ฉ.1 
  Barcode: 006343
ห้องสมุดวิทยาเขตนครสวรรค์
►นวนิยาย:l:Fiction
บนชั้น

รายการใกล้เคียง
    ผู้แต่ง [เจ้าหญิงละเมอ.]

BibComment


ยังไม่เคยถูกคอมเมนท์

คอมเมนท์ทรัพยากรรายการนี้
  คอมเมนท์: รักนะครับคุณชายซ..


 Copyright 2026. Bcnsprnw @Library